|
|
|
|
| LEADER |
01133nam a2200277 a 4500 |
| 001 |
14970163 |
| 008 |
090709s2005 ii b 000 0 eng d |
| 010 |
|
|
|a 2007392415
|
| 020 |
|
|
|a 8186423702
|
| 040 |
|
|
|a DLC
|c DLC
|d DLC
|
| 082 |
0 |
0 |
|a 823/.914
|2 22
|
| 100 |
1 |
|
|a Bhattacharya, Nandini.
|
| 245 |
1 |
2 |
|a A love song to our mongrel selves :
|b problematics of identity in the novels of Salman Rushdie /
|c Nandini Bhattacharya.
|
| 246 |
1 |
7 |
|a Our mongrel selves
|
| 260 |
|
|
|a Delhi :
|b Worldview Publications,
|c 2005.
|
| 300 |
|
|
|a ix, 275 p. ;
|c 23 cm.
|
| 500 |
|
|
|a Revison of author's thesis (Ph. D.--Jadavpur University, 2003).
|
| 504 |
|
|
|a Includes bibliographical references (p. [259]-275).
|
| 541 |
1 |
|
|e 00014174
|
| 600 |
1 |
0 |
|a Rushdie, Salman
|x Criticism and interpretation.
|
| 650 |
|
0 |
|a Self in literature.
|
| 650 |
|
0 |
|a Identity (Psychology) in literature.
|
| 650 |
|
0 |
|a Postcolonialism in literature.
|
| 852 |
4 |
|
|a Ayesha Abed Library
|j General Shelf.
|
| 999 |
|
|
|c 2204
|d 2204
|
| 952 |
|
|
|0 0
|1 0
|2 ddc
|4 0
|6 823_914000000000000_BHA
|7 0
|9 2029
|a BRACUL
|b BRACUL
|c GEN
|d 2009-07-09
|g 1888.00
|l 0
|o 823.914 BHA
|p 3010014174
|r 2009-07-09
|t 1
|w 2009-07-09
|y BK
|